000 00195nam a2200085Ia 4500
008 170620s9999 xx 000 0 und d
100 _aBare act
245 0 _aRegistration act
260 _bEastren book Company
260 _c2001
999 _c28494
_d28494